| 000 | 00368nam a22001337a 4500 | ||
|---|---|---|---|
| 020 | _a9780520079647 | ||
| 040 | _cNust | ||
| 082 |
_a355.009 _bCHA |
||
| 100 |
_aChaliand, Gerard _937918 |
||
| 245 | _aThe Art of War in World History | ||
| 260 |
_aLondon: _bUniversity of California Press, _c1994 |
||
| 650 |
_aThe Art of War in World History _9124021 |
||
| 942 |
_2ddc _cBK |
||
| 999 |
_c609999 _d609999 |
||